ADVANCED CONSTRUCTION OF BUILDINGS (Record no. 44149)
[ view plain ]
| 000 -LEADER | |
|---|---|
| fixed length control field | nam a22 7a 4500 |
| 003 - CONTROL NUMBER IDENTIFIER | |
| control field | OSt |
| 005 - DATE AND TIME OF LATEST TRANSACTION | |
| control field | 20180504111920.0 |
| 008 - FIXED-LENGTH DATA ELEMENTS--GENERAL INFORMATION | |
| fixed length control field | 180504b xxu||||| |||| 00| 0 eng d |
| 040 ## - CATALOGING SOURCE | |
| Transcribing agency | IIMT UNIVERSITY, MEERUT |
| 050 ## - LIBRARY OF CONGRESS CALL NUMBER | |
| Classification number | 624.125GOR |
| Item number | 327 |
| 082 ## - DEWEY DECIMAL CLASSIFICATION NUMBER | |
| Edition number | 2ND |
| Classification number | 624.125GOR |
| Item number | 327 |
| 100 ## - MAIN ENTRY--PERSONAL NAME | |
| Personal name | GORSE, A |
| 245 ## - TITLE STATEMENT | |
| Title | ADVANCED CONSTRUCTION OF BUILDINGS |
| 250 ## - EDITION STATEMENT | |
| Edition statement | 2ND |
| 260 ## - PUBLICATION, DISTRIBUTION, ETC. | |
| Place of publication, distribution, etc. | DELHI |
| Name of publisher, distributor, etc. | WILEY INDIA |
| Date of publication, distribution, etc. | 2010 |
| 300 ## - PHYSICAL DESCRIPTION | |
| Other physical details | 2ND ED.582 P P. |
| Accompanying material | PAPERBACK |
| 760 ## - MAIN SERIES ENTRY | |
| Edition | 2ND ED. |
| 856 ## - ELECTRONIC LOCATION AND ACCESS | |
| Materials specified | PAPERBACK |
| 887 ## - NON-MARC INFORMATION FIELD | |
| Source of data | ACCESSION REGISTER |
| 942 ## - ADDED ENTRY ELEMENTS (KOHA) | |
| Source of classification or shelving scheme | |
| Koha item type | Text-Book- for 7 days |
| Edition | 2ND ED. |
| Classification part | TITLE |
| Item part | BOOK |
| Call number prefix | 624.125GOR |
| Call number suffix | 624.125GOR |
| Withdrawn status | Lost status | Source of classification or shelving scheme | Materials specified (bound volume or other part) | Damaged status | Not for loan | Home library | Current library | Date acquired | Source of acquisition | Coded location qualifier | Cost, normal purchase price | Inventory number | Total Checkouts | Full call number | Barcode | Date last seen | Copy number | Uniform Resource Identifier | Cost, replacement price | Price effective from | Koha item type | Public note |
|---|---|---|---|---|---|---|---|---|---|---|---|---|---|---|---|---|---|---|---|---|---|---|
| PAPER BACK | IIMT College of Architecture | IIMT College of Architecture | 05/04/2018 | TRANSFER UNIVERSITY LIBRARY | ARCHITECTU | 500.00 | TRANSFER UNIVERSITY LIBRARY | 624.125GOR 327 | 24-B-327 | 05/04/2018 | R | ARCHITECTURE | 500.00 | 04/30/2018 | Text-Book- for 7 days | CONSTRUCTION |

